Cartas / (Record no. 120100)
[ view plain ]
| 000 -LEADER | |
|---|---|
| campo de control de longitud fija | 00629nam a2200205 4500 |
| 001 - NÚMERO DE CONTROL | |
| campo de control | 120100 |
| 003 - IDENTIFICADOR DE NÚMERO DE CONTROL | |
| campo de control | ES-MaACL |
| 007 - CAMPO FIJO DE DESCRIPCIÓN FÍSICA--INFORMACIÓN GENERAL | |
| campo de control de longitud fija | t| |
| 008 - DATOS DE LONGITUD FIJA--INFORMACIÓN GENERAL | |
| campo de control de longitud fija | 070214s1954 sp r ||||1| spa d |
| 100 0# - ENTRADA PRINCIPAL--NOMBRE DE PERSONA | |
| Nombre de persona | Pío |
| Numeración | X, |
| Títulos y otros términos asociados al nombre | Papa, Santo |
| 9 (RLIN) | 92299 |
| 245 10 - MENCIÓN DEL TÍTULO | |
| Título | Cartas / |
| Mención de responsabilidad, etc. | San Pío X ; introducción y traducción de José Mª Javierre. |
| 250 ## - MENCION DE EDICION | |
| Mención de edición | 1ª ed. |
| 260 ## - PUBLICACIÓN, DISTRIBUCIÓN, ETC. | |
| Lugar de publicación, distribución, etc. | Barcelona [etc.] : |
| Nombre del editor, distribuidor, etc. | Juan Flors, |
| Fecha de publicación, distribución, etc. | 1954. |
| 300 ## - DESCRIPCIÓN FÍSICA | |
| Extensión | XII, 343 p., 1 lám. ; |
| Dimensiones | 23 cm. |
| 600 04 - PUNTO DE ACCESO ADICIONAL DE MATERIA--NOMBRE DE PERSONA | |
| 9 (RLIN) | 239958 |
| Nombre de persona | Pío |
| Numeración | X, |
| Títulos y otros términos asociados al nombre | Papa, Santo |
| 700 1# - ENTRADA AGREGADA--NOMBRE PERSONAL | |
| Nombre de persona | Javierre, José María. |
| 9 (RLIN) | 66210 |
| 852 ## - LOCALIZACIÓN | |
| Ubicación | ES-MaACL |
| Número de control de estantería | C-8735 |
| Sublocalización o colección | R.36775 |
| 942 ## - ELEMENTOS DE ENTRADA SECUNDARIOS (KOHA) | |
| Fuente del sistema de clasificación o colocación | Clasificación decimal universal |
| Estatus retirado | Estado de pérdida | Estado de daño | No para préstamo | Biblioteca de origen | Biblioteca actual | Ubicación en estantería | Fecha de adquisición | Fuente de adquisición | Total de préstamos | Signatura topográfica completa | Código de barras | Visto por última vez | Precio de reemplazo | Tipo de ítem Koha |
|---|---|---|---|---|---|---|---|---|---|---|---|---|---|---|
| Biblioteca del Ateneo de Madrid | Biblioteca del Ateneo de Madrid | Sala Palomar | 17/01/2008 | C-8735 | 1125185 | 23/02/2023 | 23/02/2023 | Libro impreso |
